Greek Cities by their Bulgarian Names - Statistics

General Stats
  • This quiz has been taken 26 times
  • The average score is 8 of 15
Answer Stats
Bulgarian city name Greek city name % Correct
Atina Athína
100%
Solun Thessaloniki
95%
Patra Patras
79%
Yanina Ioánnina
68%
Khalkida Chalkís
47%
Skecha Xanthi
47%
Gyumyurdzhina Komotini
42%
Kozhani Kozani
42%
Lamiya Lamía
42%
Syar Serres
42%
Kukush Kilkís
37%
Ber Véroia
37%
Dedeagach Alexandroupolis
26%
Enidzhe Vardar Giannitsa
26%
Kayilyari Ptolemaida
26%
No matching quizzes found
Score Distribution
Percent of People with Each Score
Percentile by Number Answered
Your Score History
You have not taken this quiz